00704 a2200217 450000500170000000800410001702000150005804000500007304100080012310000180013124500440014926000410019330000420023449000100027665000360028665000360032265000350035865000400039365000330043370000200046620180312141958.0140312s1994 sp a gr|||| 000 j spa d a8426127835 aCO-BoUCMbspacJose A. GerenadJose A. Gerena0 aspa1 aRoma, María10aMi cabezacMaría Roma, Nuria Novellas c1994bJuventudaBarcelona (España) a[32] páginasbilustraciones a color aNanus 7aLiteratura infantil española  7aLibros ilustrados para niños  7aLibros y lectura para niños  7aCuerpo humano xLiteratura infantil 7aCabeza xLiteratura infantil1 aNovellas, Nuria